Promoción de la salud cardiovascular y la alimentación saludable : estudios y experiencias

Guardado en:
Formato: Libro
Publicado: Buenos Aires : Ministerio
Series:Vigi + A. Promoción de la salud
Materias:
Etiquetas: Agregar Etiqueta
Sin Etiquetas, Sea el primero en etiquetar este registro!
LEADER 00638nam a22002055a 4500
001 CEM.cems012645
005 20070710150937.0
008 130507b######################000#0#####d
003 CEMS
020 |a 9503800307 
082 0 4 |a 612 
245 0 0 |a Promoción de la salud cardiovascular y la alimentación saludable :  |b estudios y experiencias 
260 |a Buenos Aires :  |b Ministerio 
300 |a 82 p. 
490 0 |a Vigi + A. Promoción de la salud 
653 |a Salud-prevención 
653 |a Alimentación 
653 |a Salud cardiovascular 
653 |a Educación para la salud 
859 |a CEMS  |b BIB. CEMS - 11 de abril  |h 612  |i Ar37  |p 23967.07  |t Ej.1